¿Qué es moda? : un ensayo desde la sociología /

Bibliographic Details
Main Author: Mansilla, Pedro (Mansilla Viedma) (Author)
Format: Electronic eBook
Language:Spanish
Published: Madrid : Dextra Editorial, [2025]
Series:Moda (Dextra Editorial)
Subjects:
Online Access:Digitalia Hispánica

MARC

LEADER 00000nam a2200000Ii 4500
001 DIGDEXT0114
003 NyNyDIG
006 m o d
007 cr |||||||||||
008 250909s2025 sp o 000 0 spa d
035 |a (OCoLC)1535344021 
040 |a DGITA  |b eng  |e rda  |e pn  |c DGITA 
020 |a 9788410026261  |q eBook 
020 |z 9788410026254 
050 1 4 |a HD9940.A2 ebook 
100 1 |a Mansilla, Pedro  |q (Mansilla Viedma),  |e author. 
245 1 0 |a ¿Qué es moda? :  |b un ensayo desde la sociología /  |c Pedro Mansilla. 
264 1 |a Madrid :  |b Dextra Editorial,  |c [2025] 
300 |a 1 online resource. 
336 |a text  |b txt  |2 rdacontent 
337 |a computer  |b c  |2 rdamedia 
338 |a online resource  |b cr  |2 rdacarrier 
347 |a text file  |2 rdaft 
347 |b PDF 
490 1 |a Colección: Moda 
588 0 |a Online resource; title from PDF title page (Digitalia, viewed September 9, 2025) 
650 0 |a Clothing trade  |x Social aspects. 
791 2 |a Digitalia (Firm),  |e distributor. 
793 0 |g Digitalia eBook Collection:  |a Dextra Editorial 
776 0 8 |i Print version:  |a Mansilla, Pedro (Mansilla Viedma).  |t ¿Qué es moda?.  |d Madrid : Dextra Editorial, [2025]  |z 9788410026254 
830 0 |a Moda (Dextra Editorial) 
856 4 0 |3 Digitalia Hispánica  |u https://www.digitaliapublishing.com/a/180576/ 
910 |a Premium collection: 2025